[Event "Bad Woerishofen op"]
[Site "?"]
[Date "2003.??.??"]
[Round "5"]
[White "Regatschnig, Horst"]
[Black "Weber, Ludwig"]
[Result "1-0"]
[WhiteElo "1740"]
[BlackElo "1460"]
[Annotator "ChessOrg"]
[PlyCount "101"]

1. d4 Nf6 2. Bg5 d6 3. Nf3 Nbd7 4. Nbd2 h6 5. Bxf6 exf6 6. e4 c6 7. c3 g6 8.
Bd3 Bg7 9. O-O Nf8 10. Re1 Be6 11. Qc2 Qc7 12. d5 Bd7 13. c4 O-O-O 14. Rac1 g5
15. h3 Ng6 16. b4 Nf4 17. Bf1 h5 18. dxc6 Bxc6 19. g3 Ng6 20. Nd4 Bd7 21. N2b3
Kb8 22. b5 Rc8 23. a4 Bf8 24. a5 Ne5 25. Re3 g4 26. h4 Bh6 27. Rc3 Bxc1 28.
Qxc1 Qd8 29. Qe3 Be6 30. Nxe6 fxe6 31. Kg2 Rh7 32. Nd4 Qe7 33. b6 a6 34. Qc1
Rf7 35. Nb3 Nd7 36. Qh6 Rh7 37. Qe3 Rf7 38. Bd3 Ne5 39. Bf1 Nd7 40. Be2 f5 41.
exf5 Rxf5 42. Qd2 Ne5 43. Nd4 Rf6 44. Qg5 Qf7 45. f4 Rg8 46. c5 Rxg5 47. hxg5
Rg6 48. fxe5 dxe5 49. Nb3 Rxg5 50. c6 Rf5 51. c7+ 1-0

[Event "Bad Woerishofen op"]
[Site "?"]
[Date "2003.??.??"]
[Round "5"]
[White "Schrinner, Stefan"]
[Black "Schaumann, Rudolf"]
[Result "1-0"]
[WhiteElo "1688"]
[BlackElo "1283"]
[Annotator "ChessOrg"]
[PlyCount "139"]

1. e4 d6 2. Nf3 Nf6 3. d3 c5 4. Be2 Nc6 5. Bg5 h6 6. Bxf6 exf6 7. Nbd2 Be6 8.
c3 d5 9. a3 Bd6 10. b4 Qc7 11. b5 Ne5 12. g3 Rd8 13. exd5 Bxd5 14. c4 Be6 15.
a4 O-O 16. O-O Bh3 17. Re1 Ng4 18. Bf1 Bxf1 19. Nxf1 Ne5 20. Nxe5 Bxe5 21. Ra2
Bc3 22. Re3 Rd7 23. Rae2 Be5 24. Nd2 Rfd8 25. Nb3 b6 26. Qc2 g5 27. Rf3 Kg7 28.
Re4 Qb7 29. Qe2 Qa8 30. a5 Bc3 31. a6 Be5 32. Nd2 Qc8 33. Nf1 Rd4 34. Rxd4 Rxd4
35. Ne3 Rd8 36. Nf5+ Kf8 37. Qe4 Qa8 38. Qxa8 Rxa8 39. Nxh6 Rd8 40. Ng4 Rd6 41.
Nxe5 fxe5 42. Re3 f6 43. Kg2 Rd4 44. f3 Kf7 45. g4 Rf4 46. Kg3 Rd4 47. h4 gxh4+
48. Kxh4 Kg6 49. Kh3 Kg5 50. Kg3 Rf4 51. Kf2 Rd4 52. Ke2 Rd7 53. Re4 Rh7 54.
f4+ exf4 55. Re8 Kxg4 56. Rg8+ Kf5 57. Rb8 Rh2+ 58. Ke1 f3 59. Rb7 Kf4 60. Rxa7
Ke3 61. Re7+ Kxd3 62. Re6 Kxc4 63. Rxb6 Kb3 64. Rxf6 c4 65. Rxf3+ c3 66. b6 Ra2
67. b7 Rxa6 68. b8=Q+ Kc2 69. Rxc3+ Kxc3 70. Qc8+ 1-0

[Event "Bad Woerishofen op"]
[Site "?"]
[Date "2003.??.??"]
[Round "5"]
[White "Breiter, Juergen"]
[Black "Huhn, Ulrich"]
[Result "0-1"]
[WhiteElo "1308"]
[BlackElo "1980"]
[Annotator "ChessOrg"]
[PlyCount "34"]

1. d4 d5 2. c4 c6 3. cxd5 cxd5 4. e3 Bf5 5. Bd3 Bxd3 6. Qxd3 Nf6 7. Nc3 e6 8.
Nge2 Nc6 9. a3 Bd6 10. O-O O-O 11. Bd2 Rc8 12. h3 Nh5 13. g4 Qh4 14. e4 f5 15.
e5 fxg4 16. exd6 Rf3 17. Be3 Rxh3 0-1

[Event "Bad Woerishofen op"]
[Site "?"]
[Date "2003.??.??"]
[Round "5"]
[White "Schweitzer, Paul"]
[Black "Gaissmaier, Thomas"]
[Result "0-1"]
[WhiteElo "1743"]
[BlackElo "1538"]
[Annotator "ChessOrg"]
[PlyCount "152"]

1. d4 d5 2. Nf3 Nf6 3. g3 Bg4 4. Bg2 e6 5. Nbd2 Nbd7 6. a3 a5 7. O-O b5 8. Qe1
Bf5 9. c3 Rc8 10. Ne5 c5 11. Nxd7 Qxd7 12. Nf3 cxd4 13. cxd4 Qa7 14. Bf4 Be7
15. Rc1 O-O 16. Ne5 Rxc1 17. Bxc1 Rc8 18. e3 b4 19. Qe2 Rc2 20. Qb5 Qc7 21. g4
Bxg4 22. f3 Bh5 23. axb4 axb4 24. Nd3 g5 25. e4 h6 26. e5 Nd7 27. Be3 Bg6 28.
Rf2 Rxf2 29. Nxf2 Bc2 30. h4 b3 31. hxg5 hxg5 32. Bf1 Nf8 33. Ng4 Kg7 34. Qe2
Ng6 35. Qd2 Qd8 36. Be2 Nh4 37. Bf2 f5 38. Ne3 Qc7 39. Be1 f4 40. Ng4 Nf5 41.
Bf2 Bd8 42. Kg2 Qa5 43. Qc1 Qa2 44. Bd1 Qb1 45. Qxb1 Bxb1 46. Bxb3 Bb6 47. Ba4
Bxd4 48. Bd7 Bxf2 49. Kxf2 Kf7 50. Nf6 Nd4 51. Be8+ Ke7 52. Bh5 Nc6 53. Ng4 Bf5
54. Nh6 Nxe5 55. Nxf5+ exf5 56. Ke2 g4 57. b3 Nxf3 58. b4 Ne5 59. b5 Kd6 60.
Be8 Kc5 61. Kf1 d4 62. Kf2 d3 63. Ke1 f3 64. b6 Kxb6 65. Bh5 g3 66. Kf1 Kc5 67.
Be8 Kd4 68. Ba4 f4 69. Bd1 Kc3 70. Ke1 Kb2 71. Kf1 d2 72. Kg1 Kc1 73. Ba4 d1=Q+
74. Bxd1 Kxd1 75. Kf1 Ng4 76. Kg1 Ke2 0-1

[Event "Bad Woerishofen op"]
[Site "?"]
[Date "2003.??.??"]
[Round "5"]
[White "Sakowski, Christian"]
[Black "Dittlow, Holger"]
[Result "1-0"]
[WhiteElo "1722"]
[BlackElo "1430"]
[Annotator "ChessOrg"]
[PlyCount "101"]

1. d4 d5 2. Nf3 Nc6 3. Bf4 e6 4. e3 a6 5. Nbd2 Bb4 6. a3 Ba5 7. Bd3 Nf6 8. h3
O-O 9. O-O h6 10. c4 Bxd2 11. Nxd2 Re8 12. Nf3 Ne7 13. Ne5 c6 14. c5 Nd7 15.
Nxd7 Bxd7 16. b4 a5 17. Qc2 f5 18. f3 Ng6 19. Be5 Nxe5 20. dxe5 Rf8 21. f4 Be8
22. Qf2 axb4 23. axb4 Rxa1 24. Rxa1 b6 25. Qc2 bxc5 26. Qxc5 Rf7 27. Ra6 Rc7
28. Qa5 Qe7 29. Ra8 Kf7 30. Ra6 Rb7 31. Rb6 Rc7 32. g3 Ra7 33. Ba6 g5 34. Rb8
Qc7 35. Qxc7+ Rxc7 36. Rb7 Rxb7 37. Bxb7 Ke7 38. Kf2 Kd7 39. Ba6 Kc7 40. fxg5
hxg5 41. Ke1 Kb6 42. Be2 c5 43. bxc5+ Kxc5 44. Kd2 d4 45. Bf3 dxe3+ 46. Kxe3
Bc6 47. h4 gxh4 48. gxh4 Bxf3 49. Kxf3 Kd4 50. Kf4 Kc5 51. h5 1-0

[Event "Bad Woerishofen op"]
[Site "?"]
[Date "2003.??.??"]
[Round "5"]
[White "Mahrla, Hans"]
[Black "Rothenhagen, Siegfried"]
[Result "1-0"]
[WhiteElo "1479"]
[BlackElo "1620"]
[Annotator "ChessOrg"]
[PlyCount "79"]

1. e4 c5 2. Nc3 e6 3. f4 d5 4. exd5 exd5 5. Bb5+ Nc6 6. Nf3 a6 7. Bxc6+ bxc6 8.
O-O Bd6 9. d4 Ne7 10. Ne2 O-O 11. Ng3 Qb6 12. c3 Bg4 13. Qd3 Bxf3 14. Rxf3 c4
15. Qc2 Rfe8 16. f5 f6 17. Nh5 Kh8 18. Bf4 Bxf4 19. Nxf4 Rab8 20. Rb1 Qa5 21.
a3 Rb3 22. Re3 Qc7 23. Ne6 Qb8 24. Nc5 Qf4 25. Rf3 Qb8 26. Nxb3 cxb3 27. Qd3
Qb5 28. Qxb5 axb5 29. Re1 Kg8 30. Rfe3 Kf7 31. Kf2 Kf8 32. g4 Kf7 33. Re6 Kf8
34. h4 Kf7 35. g5 fxg5 36. hxg5 g6 37. f6 Rc8 38. Rxe7+ Kg8 39. Rg7+ Kh8 40.
Rh1 1-0

[Event "Bad Woerishofen op"]
[Site "?"]
[Date "2003.??.??"]
[Round "5"]
[White "Wiessner, Johann"]
[Black "Haeuser, Marco"]
[Result "0-1"]
[WhiteElo "1586"]
[BlackElo "1398"]
[Annotator "ChessOrg"]
[PlyCount "172"]

1. d4 d5 2. c4 e5 3. cxd5 Qxd5 4. Nf3 Nc6 5. e3 Bg4 6. Be2 exd4 7. exd4 O-O-O
8. Nc3 Qf5 9. O-O Bxf3 10. Bxf3 Rxd4 11. Qe2 Qd7 12. Nb5 Nf6 13. Nxd4 Nxd4 14.
Qd1 Bc5 15. Be3 Nxf3+ 16. Qxf3 Bxe3 17. Qxe3 Qa4 18. b3 Qa5 19. Qe7 Qh5 20.
Rac1 c6 21. Rc5 Qg6 22. Qe3 Re8 23. Re5 Rxe5 24. Qxe5 Qh5 25. Qg3 Qg4 26. Qe3
a6 27. Re1 Qb4 28. h3 Qf8 29. Rd1 Nd5 30. Qe5 f6 31. Qf5+ Kc7 32. Qxh7 Nc3 33.
Rd2 Qe7 34. Qc2 Qe5 35. Kh1 Qa5 36. Qd3 Qe5 37. Qg3 Qxg3 38. fxg3 Ne4 39. Rd4
Nxg3+ 40. Kh2 Nf5 41. Rf4 Ne3 42. Kg3 b5 43. Re4 Nd5 44. a3 Kd6 45. h4 a5 46.
h5 Ne7 47. Kf4 g5+ 48. Kf3 c5 49. Kg4 f5+ 50. Kxg5 fxe4 51. h6 e3 52. h7 e2 53.
h8=Q e1=Q 54. Qb8+ Ke6 55. Qb6+ Kf7 56. Qf6+ Kg8 57. g4 Qe3+ 58. Kh5 Qh3+ 59.
Kg5 Qh7 60. Qe6+ Qf7 61. Qd7 Qd5+ 62. Qxd5+ Nxd5 63. Kf5 c4 64. bxc4 bxc4 65.
Ke4 c3 66. Kd3 a4 67. Kc2 Kg7 68. Kd3 Kg6 69. Kc2 Kg5 70. Kd3 Kxg4 71. Kc2 Kf4
72. Kd3 Kf3 73. Kc2 Ke2 74. Kc1 Kd3 75. Kd1 Kc4 76. Kc2 Ne3+ 77. Kb1 c2+ 78.
Kb2 Kd3 79. Kc1 Ng2 80. Kb2 Kd2 81. Ka2 Nf4 82. Ka1 c1=Q+ 83. Ka2 Qc4+ 84. Kb2
Qb3+ 85. Ka1 Qb5 86. Ka2 Kc2 0-1

[Event "Bad Woerishofen op"]
[Site "?"]
[Date "2003.??.??"]
[Round "5"]
[White "Mader, Sascha"]
[Black "Pohl, Walter"]
[Result "0-1"]
[WhiteElo "1900"]
[BlackElo "2121"]
[Annotator "ChessOrg"]
[PlyCount "90"]

1. d4 g6 2. e4 Bg7 3. Nc3 d6 4. Be3 Nf6 5. f3 O-O 6. Qd2 c6 7. O-O-O b5 8. g4
Re8 9. h4 h5 10. gxh5 Nxh5 11. Nce2 Nd7 12. Nh3 e5 13. d5 c5 14. Ng5 b4 15. Bh3
Nb6 16. Bxc8 Qxc8 17. Kb1 a5 18. Rdg1 Nd7 19. Rg2 c4 20. Rhg1 c3 21. Qd3 cxb2
22. Nxf7 Kxf7 23. Rxg6 Bf6 24. Rh6 Rh8 25. Rxh8 Qxh8 26. Bg5 Bxg5 27. Rxg5 Nhf6
28. Qd2 Qxh4 29. Ng3 Qf4 30. Qxf4 exf4 31. Nf5 Ra6 32. Kxb2 a4 33. a3 bxa3+ 34.
Kxa3 Kf8 35. Rg1 Ne5 36. Nd4 Kf7 37. Ne6 Ng6 38. Rg5 Nd7 39. Rf5+ Ke7 40. Nxf4
Nxf4 41. Rxf4 Ne5 42. Rf5 Nc4+ 43. Ka2 Rb6 44. f4 Rb2+ 45. Ka1 a3 0-1

[Event "Bad Woerishofen op"]
[Site "?"]
[Date "2003.??.??"]
[Round "5"]
[White "Vu Van, Anh"]
[Black "Prigge, Joerg"]
[Result "1/2-1/2"]
[WhiteElo "1700"]
[BlackElo "1543"]
[Annotator "ChessOrg"]
[PlyCount "98"]

1. d4 e6 2. c4 Be7 3. Nc3 d5 4. Bf4 c6 5. e3 Nf6 6. Bd3 Nbd7 7. Nf3 Qb6 8. Rb1
O-O 9. O-O dxc4 10. Bxc4 Nd5 11. Bg3 N7f6 12. a3 Qd8 13. Nxd5 exd5 14. Bd3 Bg4
15. h3 Bh5 16. Be2 Bg6 17. Rc1 Ne4 18. Bh2 Bd6 19. Bxd6 Qxd6 20. Nd2 Nxd2 21.
Qxd2 Rae8 22. Qa5 a6 23. Qb6 Re7 24. Qb3 Be4 25. Bd3 Qg6 26. Bxe4 Qxe4 27. Rc3
h6 28. Qc2 f5 29. Qxe4 fxe4 30. f3 g5 31. fxe4 Rxf1+ 32. Kxf1 Rxe4 33. Ke2 Kf7
34. Rc1 Kg6 35. Rf1 h5 36. Rf8 Re7 37. g4 hxg4 38. hxg4 Rf7 39. Rxf7 Kxf7 40.
Kd3 Ke6 41. Kc3 Kd6 42. Kb4 b6 43. b3 a5+ 44. Kc3 b5 45. Kd3 Ke6 46. e4 Kd6 47.
e5+ Ke6 48. Kc3 Kd7 49. Kd3 Ke6 1/2-1/2

[Event "Bad Woerishofen op"]
[Site "?"]
[Date "2003.??.??"]
[Round "5"]
[White "Hegel, Pius"]
[Black "Kuhn, Hans"]
[Result "1-0"]
[WhiteElo "1619"]
[BlackElo "1311"]
[Annotator "ChessOrg"]
[PlyCount "35"]

1. Nf3 d5 2. b3 Nf6 3. Bb2 Nc6 4. e3 e6 5. Bb5 Bd7 6. O-O a6 7. Bxc6 Bxc6 8.
Ne5 Be7 9. f4 O-O 10. Rf3 d4 11. Nxc6 bxc6 12. Bxd4 Qd5 13. Rh3 c5 14. c4 Qf5
15. Bb2 Rad8 16. Qe2 Rd3 17. e4 Qxe4 18. Qxe4 1-0

[Event "Bad Woerishofen op"]
[Site "?"]
[Date "2003.??.??"]
[Round "5"]
[White "Werninghaus, Klaus-Peter"]
[Black "Dahmen, Juergen"]
[Result "0-1"]
[WhiteElo "1504"]
[BlackElo "1560"]
[Annotator "ChessOrg"]
[PlyCount "80"]

1. c4 c5 2. Nc3 b6 3. Nf3 d6 4. e4 Bb7 5. g3 e6 6. Bg2 Nd7 7. O-O a6 8. a4 Qc7
9. d3 Ngf6 10. Re1 Be7 11. b3 O-O 12. Bb2 Rad8 13. Qc2 Nb8 14. d4 cxd4 15. Nxd4
d5 16. exd5 exd5 17. Nce2 dxc4 18. Bxb7 Qxb7 19. bxc4 Nc6 20. Nxc6 Qxc6 21. Nd4
Qb7 22. Nf5 Bc5 23. Bxf6 gxf6 24. Qb2 Qf3 25. Ne3 Bd4 26. Qa2 Bxa1 27. Qxa1 Rd2
28. Rf1 Re8 29. Nd5 Kg7 30. Nf4 Re4 31. Qc1 Red4 32. Ng2 Rd1 33. Qe3 Rxf1+ 34.
Kxf1 Rd1+ 35. Ne1 Qxe3 36. fxe3 Rc1 37. c5 Rxc5 38. Nd3 Rc3 39. Ke2 Ra3 40. Kf3
Rxd3 0-1

[Event "Bad Woerishofen op"]
[Site "?"]
[Date "2003.??.??"]
[Round "6"]
[White "Miladinovic, Igor"]
[Black "Kengis, Edvins"]
[Result "1/2-1/2"]
[WhiteElo "2526"]
[BlackElo "2578"]
[Annotator "ChessOrg"]
[PlyCount "120"]

1. d4 e6 2. e4 c5 3. d5 exd5 4. exd5 d6 5. Nc3 Nf6 6. Bb5+ Nbd7 7. a4 Be7 8.
Nf3 O-O 9. O-O a6 10. Be2 b6 11. Nd2 Ne8 12. Nc4 f5 13. f4 Bf6 14. Kh1 Rb8 15.
Bd2 Qc7 16. Bd3 g6 17. Ne3 Ng7 18. Qe2 Re8 19. Rfe1 Ra8 20. Qf1 Bb7 21. Nc4 Bd4
22. Rxe8+ Rxe8 23. Re1 Rxe1 24. Qxe1 Nf6 25. Ne2 Nxd5 26. Nxd4 cxd4 27. b4 Nf6
28. b5 axb5 29. axb5 Bd5 30. Nb2 Ne4 31. Bb4 Ne6 32. Qf1 Kf7 33. Kg1 h5 34. h3
Ng3 35. Qe1 h4 36. Bd2 Be4 37. Nc4 d5 38. Ne5+ Kg7 39. Bc1 g5 40. Bb2 Nxf4 41.
Bxd4 Kh7 42. Nc6 Bxd3 43. Be5 Qf7 44. cxd3 Nxd3 45. Qe3 Nxe5 46. Qxe5 Qg7 47.
Kf2 Ne4+ 48. Ke3 Qxe5 49. Nxe5 Nd6 50. Nd7 Nxb5 51. Nf6+ Kg6 52. Nxd5 f4+ 53.
Kf2 Kf5 54. Nxb6 Nd6 55. Kf3 Nf7 56. Nc4 Ne5+ 57. Nxe5 Kxe5 58. Kf2 Kf5 59. Kf3
g4+ 60. hxg4+ Kg5 1/2-1/2

[Event "Bad Woerishofen op"]
[Site "?"]
[Date "2003.??.??"]
[Round "6"]
[White "Teske, Henrik"]
[Black "Kritz, Leonid"]
[Result "1/2-1/2"]
[WhiteElo "2531"]
[BlackElo "2484"]
[Annotator "ChessOrg"]
[PlyCount "26"]

1. d4 Nf6 2. Nf3 e6 3. c4 b6 4. Nc3 Bb7 5. Bg5 Be7 6. e3 h6 7. Bh4 Ne4 8. Bxe7
Qxe7 9. Nxe4 Bxe4 10. Be2 O-O 11. O-O d6 12. Nd2 Bb7 13. Bf3 c5 1/2-1/2

[Event "Bad Woerishofen op"]
[Site "?"]
[Date "2003.??.??"]
[Round "6"]
[White "Georgiev, Vladimir"]
[Black "Sprenger, Jan"]
[Result "1-0"]
[WhiteElo "2549"]
[BlackElo "2431"]
[Annotator "ChessOrg"]
[PlyCount "95"]

1. c4 e6 2. Nc3 d5 3. d4 c6 4. cxd5 exd5 5. Bf4 Nf6 6. e3 Bf5 7. Bd3 Bxd3 8.
Qxd3 Bd6 9. Bg3 Bxg3 10. hxg3 Nbd7 11. Nge2 Qe7 12. f3 h5 13. Kf2 g6 14. Rab1
Kf8 15. b4 b5 16. a4 a6 17. a5 Kg7 18. Nf4 Nf8 19. Qd2 Ne6 20. Nd3 Qd6 21. Nc5
Nxc5 22. dxc5 Qe5 23. Ne2 Rac8 24. Rbd1 Rhe8 25. Rh4 Rh8 26. Nd4 Rhe8 27. Re1
Rh8 28. Rf4 Rhe8 29. Qc3 Rc7 30. Re2 Rcc8 31. Qb2 Rc7 32. e4 Qg5 33. e5 Ng8 34.
Rh4 Nh6 35. Rf4 Kg8 36. e6 f5 37. Rh4 Qf6 38. Rh1 Kh7 39. Qd2 Ng8 40. Qf4 Rcc8
41. Re5 Rf8 42. Nxf5 gxf5 43. Rxh5+ Nh6 44. e7 Rg8 45. Rexf5 Qg6 46. Rf7+ Rg7
47. Rxg7+ Qxg7 48. Qf5+ 1-0

[Event "Bad Woerishofen op"]
[Site "?"]
[Date "2003.??.??"]
[Round "6"]
[White "Pirrot, Dieter"]
[Black "Rotstein, Arkadij"]
[Result "0-1"]
[WhiteElo "2411"]
[BlackElo "2544"]
[Annotator "ChessOrg"]
[PlyCount "42"]

1. e4 c5 2. c3 Nf6 3. e5 Nd5 4. d4 cxd4 5. Qxd4 e6 6. Nf3 Nc6 7. Qe4 b6 8. g3
Qc7 9. Bg2 Ba6 10. b3 f5 11. exf6 Nxf6 12. Qa4 Nb4 13. Bf4 Nd3+ 14. Kf1 Qc8 15.
Kg1 Bc5 16. Be3 O-O 17. Bxc5 Qxc5 18. Nd4 Qe5 19. Bxa8 Qe1+ 20. Kg2 Qxf2+ 21.
Kh3 Nc5 0-1

[Event "Bad Woerishofen op"]
[Site "?"]
[Date "2003.??.??"]
[Round "6"]
[White "Kveinys, Aloyzas"]
[Black "Prie, Eric"]
[Result "1/2-1/2"]
[WhiteElo "2541"]
[BlackElo "2446"]
[Annotator "ChessOrg"]
[PlyCount "110"]

1. e4 c5 2. Nf3 Nc6 3. Bb5 g6 4. Bxc6 dxc6 5. h3 Bg7 6. d3 Nf6 7. Nc3 Nd7 8.
Be3 e5 9. Qd2 h6 10. O-O Qe7 11. Nh2 Nf8 12. a3 Ne6 13. b4 f5 14. Na4 b6 15. f3
f4 16. Bf2 g5 17. c4 cxb4 18. axb4 Bb7 19. Nc3 Qxb4 20. Ra4 Qd6 21. Rfa1 Qb8
22. Qa2 Kd7 23. h4 gxh4 24. Bxh4 h5 25. Qb2 Rg8 26. Ne2 Nc5 27. R4a3 Qd6 28.
Rxa7 Rxa7 29. Rxa7 Kc7 30. Bf2 Bf8 31. Kf1 Qxd3 32. Qxe5+ Bd6 33. Qd4 Qb1+ 34.
Be1 Nd3 35. Ra1 Qc2 36. Qf6 Qxc4 37. Bc3 Re8 38. Rd1 Ba6 39. Kg1 Bc5+ 40. Bd4
Qc2 41. Ra1 Qxe2 42. Rxa6 Ne1 43. Ra7+ Kb8 44. Rg7 Qb2 45. Qd6+ Bxd6 46. Bxb2
Nd3 47. Bf6 b5 48. Kf1 c5 49. Ke2 c4 50. Nf1 Be5 51. Bxe5+ Rxe5 52. g3 fxg3 53.
Nxg3 Nc5 54. Kd2 b4 55. Ne2 Kc8 1/2-1/2

[Event "Bad Woerishofen op"]
[Site "?"]
[Date "2003.??.??"]
[Round "6"]
[White "Levin, Felix"]
[Black "Seifert, Volker"]
[Result "1/2-1/2"]
[WhiteElo "2523"]
[BlackElo "2310"]
[Annotator "ChessOrg"]
[PlyCount "120"]

1. c4 Nf6 2. Nc3 e6 3. e4 c5 4. e5 Ng8 5. Nf3 Nc6 6. d4 cxd4 7. Nxd4 Nxe5 8.
Ndb5 a6 9. Nd6+ Bxd6 10. Qxd6 f6 11. Be3 Ne7 12. Bb6 Nf5 13. Qc5 d6 14. Qa5 Qd7
15. f4 Nc6 16. Qa3 O-O 17. O-O-O e5 18. g4 Nfd4 19. h3 a5 20. Nb5 Ra6 21. Bxd4
Nxd4 22. Nxd4 exd4 23. Bg2 Qf7 24. Rxd4 f5 25. g5 Re8 26. Rhd1 Kh8 27. Kb1 Be6
28. Rxd6 Rxd6 29. Qxd6 Bxc4 30. Bd5 Bxd5 31. Qxd5 Qh5 32. Rc1 Qxh3 33. Qd7 Qe3
34. Qxf5 g6 35. Qf7 Qe4+ 36. Ka1 Qe7 37. Qc4 Qe3 38. a3 b6 39. Ka2 Kg7 40. Rc3
Qe6 41. Qxe6 Rxe6 42. Rc7+ Kg8 43. Kb3 b5 44. a4 Rb6 45. axb5 Rxb5+ 46. Kc3 Rf5
47. Ra7 Rxf4 48. Rxa5 h5 49. gxh6 Kh7 50. b4 Kxh6 51. b5 Rf3+ 52. Kd4 Rf4+ 53.
Kd5 Rf5+ 54. Kc6 Rf6+ 55. Kb7 Kg5 56. b6+ Kf4 57. Ka7 g5 58. b7 Rf7 59. Ka6
Rxb7 60. Kxb7 g4 1/2-1/2

[Event "Bad Woerishofen op"]
[Site "?"]
[Date "2003.??.??"]
[Round "6"]
[White "Medancic, Rikard"]
[Black "Handke, Florian"]
[Result "0-1"]
[WhiteElo "2268"]
[BlackElo "2516"]
[Annotator "ChessOrg"]
[PlyCount "130"]

1. e4 c5 2. Nf3 e6 3. d4 cxd4 4. Nxd4 a6 5. Nc3 Qc7 6. Bd3 Bc5 7. Nb3 Be7 8.
O-O b5 9. a4 b4 10. Ne2 Bb7 11. Bf4 e5 12. Bd2 Nc6 13. Ng3 g6 14. a5 h5 15. h3
h4 16. Ne2 Nf6 17. Bg5 d6 18. Qd2 Rd8 19. Qe3 Nd7 20. Bxe7 Nxe7 21. c3 f5 22.
cxb4 d5 23. exf5 gxf5 24. Rfe1 Qd6 25. f4 d4 26. fxe5 Qd5 27. Qf2 Qxb3 28. Nf4
Nf8 29. b5 Rg8 30. Ra3 Qb4 31. bxa6 Ba8 32. Bf1 Be4 33. Rc1 Neg6 34. Nh5 Nh7
35. Rc7 Rd7 36. Rc4 Qe7 37. Rxd4 Rxd4 38. Qxd4 Nxe5 39. Kh1 Nc6 40. Qc4 Qg5 41.
Qe6+ Ne7 42. Rb3 Bxg2+ 43. Kh2 Bb7 44. Qxg8+ Qxg8 45. Bb5+ Bc6 46. Bxc6+ Nxc6
47. Rb8+ Nxb8 48. a7 Qb3 49. a8=Q Ng5 50. Qd5 Qxh3+ 51. Kg1 Qg4+ 52. Kh1 Qxh5
53. Qe5+ Kd7 54. Qxf5+ Kd8 55. Qf6+ Kc8 56. Qf8+ Kb7 57. Qb4+ Ka8 58. Qb5 Qf3+
59. Kh2 Qg3+ 60. Kh1 Qf3+ 61. Kh2 Ne6 62. Qe5 Nf4 63. Qg5 Qh3+ 64. Kg1 Qg3+ 65.
Qxg3 hxg3 0-1

[Event "Bad Woerishofen op"]
[Site "?"]
[Date "2003.??.??"]
[Round "6"]
[White "Jenni, Florian"]
[Black "Hermann, Manfred"]
[Result "1-0"]
[WhiteElo "2516"]
[BlackElo "2341"]
[Annotator "ChessOrg"]
[PlyCount "93"]

1. e4 e5 2. Nf3 Nc6 3. Bb5 f5 4. Nc3 Nd4 5. Nxe5 Qf6 6. Nf3 Nxb5 7. Nxb5 fxe4
8. Nxc7+ Kd8 9. Nxa8 exf3 10. Qxf3 Qxf3 11. gxf3 b6 12. d3 Bb7 13. Nxb6 axb6
14. Be3 Kc7 15. Rg1 Ne7 16. Bf4+ d6 17. O-O-O Nf5 18. Rde1 g6 19. Bd2 Be7 20.
Bg5 Bxg5+ 21. Rxg5 Bxf3 22. a4 Kd7 23. Kd2 Ra8 24. b3 Bc6 25. Rg4 Rf8 26. Rb4
Kc7 27. h4 Rf7 28. Rf4 Rg7 29. c4 Bd7 30. Rg1 Re7 31. Ra1 Ng7 32. a5 Ne6 33.
axb6+ Kxb6 34. Re1 Nxf4 35. Rxe7 Bf5 36. h5 Nxh5 37. Rxh7 Nf4 38. d4 Nd3 39. f3
Kc6 40. Rf7 Nb4 41. d5+ Kc5 42. Rb7 Na2 43. Ra7 Bb1 44. Ra6 Nb4 45. Ra1 Bf5 46.
Kc3 Nd3 47. Ra6 1-0

[Event "Bad Woerishofen op"]
[Site "?"]
[Date "2003.??.??"]
[Round "6"]
[White "Kuprejchik, Victor"]
[Black "Thiel, Thomas"]
[Result "1/2-1/2"]
[WhiteElo "2490"]
[BlackElo "2309"]
[Annotator "ChessOrg"]
[PlyCount "52"]

1. e4 e6 2. d4 d5 3. e5 c5 4. c3 Nc6 5. Be3 Nh6 6. Bd3 cxd4 7. cxd4 Nf5 8. Nf3
Nxe3 9. fxe3 Be7 10. Nc3 O-O 11. O-O f6 12. exf6 Bxf6 13. Qe2 Bd7 14. Rad1 Qe7
15. Bc2 Rad8 16. Kh1 Be8 17. h3 Bf7 18. e4 dxe4 19. Nxe4 Bg6 20. Bb3 Bxd4 21.
Neg5 Kh8 22. Nxe6 Bf6 23. Rfe1 Rfe8 24. Nxd8 Qxe2 25. Rxe2 Rxe2 26. Nxb7 Rxb2
1/2-1/2

[Event "Bad Woerishofen op"]
[Site "?"]
[Date "2003.??.??"]
[Round "6"]
[White "Poulsen, Martin"]
[Black "Sandipan, Chanda"]
[Result "0-1"]
[WhiteElo "2244"]
[BlackElo "2464"]
[Annotator "ChessOrg"]
[PlyCount "66"]

1. e4 c5 2. Nc3 e6 3. f4 Nc6 4. Nf3 Nge7 5. d3 Nd4 6. Nxd4 cxd4 7. Ne2 Nc6 8.
Ng1 d5 9. Nf3 Bc5 10. e5 f6 11. exf6 Qxf6 12. g3 O-O 13. Bg2 Bd7 14. O-O Be8
15. Bd2 Bh5 16. Qe1 Rae8 17. b4 Bd6 18. b5 Bxf3 19. Bxf3 Ne7 20. c4 dxc4 21.
dxc4 b6 22. Qe2 Bc5 23. Qd3 Nf5 24. Be4 g6 25. a4 Ne3 26. Rf3 Nxc4 27. Qxc4 d3+
28. Kg2 Qxa1 29. Rxd3 Qg1+ 30. Kh3 Rf5 31. g4 h5 32. Rg3 hxg4+ 33. Kxg4 Qd1+
0-1

[Event "Bad Woerishofen op"]
[Site "?"]
[Date "2003.??.??"]
[Round "6"]
[White "Kohlweyer, Bernd"]
[Black "Pitl, Gregory"]
[Result "1/2-1/2"]
[WhiteElo "2454"]
[BlackElo "2280"]
[Annotator "ChessOrg"]
[PlyCount "74"]

1. Nf3 g6 2. c4 f5 3. Nc3 Nf6 4. d4 Bg7 5. Bf4 O-O 6. e3 d6 7. h4 h6 8. Qb3 c6
9. c5+ d5 10. Ne5 Qe8 11. Be2 Nbd7 12. Rd1 Kh7 13. Qc2 Ne4 14. Nxd7 Bxd7 15. f3
Nf6 16. Be5 Nh5 17. f4 Bxe5 18. dxe5 Ng3 19. Rh3 Ne4 20. Nxe4 fxe4 21. g4 Qc8
22. Rg3 b6 23. Qc3 Be6 24. Rc1 Bd7 25. b4 Qb7 26. Qd4 Rg8 27. Kf2 Be6 28. a3 b5
29. h5 gxh5 30. Rcg1 hxg4 31. Bxg4 Rxg4 32. Rxg4 Bxg4 33. Rxg4 e6 34. Qd1 Qf7
35. Qh1 Rg8 36. Rxg8 Qxg8 37. Qh4 Qf8 1/2-1/2

[Event "Bad Woerishofen op"]
[Site "?"]
[Date "2003.??.??"]
[Round "6"]
[White "Korneev, Oleg"]
[Black "Graf, Christian"]
[Result "1-0"]
[WhiteElo "2613"]
[BlackElo "2231"]
[Annotator "ChessOrg"]
[PlyCount "53"]

1. e4 c6 2. c4 d5 3. exd5 cxd5 4. cxd5 Nf6 5. Nc3 Nxd5 6. Nf3 e6 7. Bc4 Nc6 8.
O-O Be7 9. d4 O-O 10. Re1 Nf6 11. a3 b6 12. Qd3 Bb7 13. Bg5 Nd5 14. Bxd5 Bxg5
15. Be4 h6 16. Rad1 Bf6 17. d5 exd5 18. Bxd5 Qc7 19. Nb5 Qb8 20. Nd6 Nd8 21.
Ba2 Bc6 22. Ne5 Bxe5 23. Rxe5 Nb7 24. Bb1 g6 25. Nxf7 Rxf7 26. Qxg6+ Rg7 27.
Ba2+ 1-0

[Event "Bad Woerishofen op"]
[Site "?"]
[Date "2003.??.??"]
[Round "6"]
[White "Kunin, Vitaly"]
[Black "Huhndorf, Arnold"]
[Result "1-0"]
[WhiteElo "2476"]
[BlackElo "2221"]
[Annotator "ChessOrg"]
[PlyCount "103"]

1. c4 g6 2. d4 c5 3. d5 e6 4. e4 exd5 5. cxd5 d6 6. Nc3 Nf6 7. h3 Bg7 8. Nf3
O-O 9. Bd3 a6 10. a4 Nh5 11. O-O Nd7 12. Be3 Ne5 13. Be2 Nxf3+ 14. Bxf3 Nf6 15.
Qd2 Re8 16. a5 Bd7 17. Bh6 Bxh6 18. Qxh6 Bb5 19. Rfe1 Nd7 20. g3 Ne5 21. Bg2
Qf6 22. Qe3 Rac8 23. Red1 c4 24. Bf1 Qf3 25. Qb6 Qf6 26. Nxb5 axb5 27. Qxb5
Nf3+ 28. Kh1 Ng5 29. f4 Nxe4 30. Kh2 c3 31. bxc3 Qxc3 32. Bd3 Qd4 33. Bxe4 Qxe4
34. Rd2 Rc2 35. Qxe8+ Qxe8 36. Rxc2 Qe4 37. Rd2 h5 38. h4 Kg7 39. Ra3 Kf6 40.
Raa2 Kf5 41. Rab2 Qe7 42. Rb6 Kg4 43. f5 Qe3 44. Rg2 g5 45. Rxb7 Qc3 46. hxg5
h4 47. gxh4+ Kxh4 48. Re7 Qh3+ 49. Kg1 Qd3 50. g6 Qd4+ 51. Kh1 Qf4 52. Re1 1-0

[Event "Bad Woerishofen op"]
[Site "?"]
[Date "2003.??.??"]
[Round "6"]
[White "Donchenko, Anatoli"]
[Black "Keller, Manfred"]
[Result "1/2-1/2"]
[WhiteElo "2463"]
[BlackElo "2214"]
[Annotator "ChessOrg"]
[PlyCount "33"]

1. d4 Nf6 2. c4 g6 3. Nc3 d5 4. Nf3 Bg7 5. e3 O-O 6. b4 b6 7. Be2 c5 8. bxc5
bxc5 9. O-O Nc6 10. Rb1 Ne4 11. Bb2 Nxc3 12. Bxc3 dxc4 13. Qa4 Bd7 14. Qxc4
cxd4 15. exd4 Rc8 16. Qa6 Be6 17. Rfd1 1/2-1/2

[Event "Bad Woerishofen op"]
[Site "?"]
[Date "2003.??.??"]
[Round "6"]
[White "Henrichs, Thomas"]
[Black "Babar, Michael"]
[Result "1/2-1/2"]
[WhiteElo "2438"]
[BlackElo "2187"]
[Annotator "ChessOrg"]
[PlyCount "82"]

1. d4 d5 2. c4 e6 3. Nc3 c6 4. e3 f5 5. Nf3 Nf6 6. Be2 Be7 7. O-O O-O 8. Ne5
Nbd7 9. f4 Kh8 10. Bd2 Ne4 11. Nxe4 fxe4 12. Qc2 Nxe5 13. fxe5 Bd7 14. b4 Rxf1+
15. Rxf1 Kg8 16. a4 a6 17. Qb3 Bf8 18. Bg4 Qg5 19. Bh3 Qh5 20. Qc2 Rc8 21. Qd1
Qxd1 22. Rxd1 Be7 23. Rc1 Kf7 24. Kf2 Bf8 25. Ke2 Be7 26. Be1 Kg8 27. Bg4 Kf7
28. h4 Kg6 29. Rc2 Bd8 30. Kd2 Be7 31. Kc3 Rf8 32. Be2 Bd8 33. g4 h6 34. Kb3
Kh7 35. Bg3 g6 36. Rc1 Kg7 37. Rh1 Rh8 38. Kc3 Rf8 39. Rb1 Be7 40. Kc2 Ra8 41.
Be1 Kf7 1/2-1/2